000 00547nam a2200193Ia 4500
008 120912t1993 xxu||||| |||| 00| 0 sin d
041 _asin
080 _a8-31 (eng)
_bDIC
100 _aDickens,Charles
245 _aනත්තල් ගීතය
246 _aNaththal Githaya
260 _aPradeepa Publishers
_aColombo
_c1993
300 _b130p, 18 cm
500 _aSinhalese Translation Of C.Dickens's of A Christmas Carol
700 _aPerera,Cyril.C
_etr.
942 _cBK
999 _c40445
_d40445
003 LK-CoDNM
040 _aLK-CoDNM
_dLK-CoDNM
_eLK-CoDNM